Cardoso: Rodolfo Kronfle Chambers (Record no. 694)

MARC details
000 -LEADER
campo de control de longitud fija 00451nam a22001457a 4500
008 - DATOS DE LONGITUD FIJA--INFORMACIÓN GENERAL
campo de control de longitud fija 150612b xxu||||| |||| 00| 0 eng d
082 ## - NÚMERO DE LA CLASIFICACIÓN DECIMAL DEWEY
Número de clasificación 708
Número de ítem C125p
100 ## - ENTRADA PRINCIPAL--NOMBRE DE PERSONA
Nombre de persona Cardoso, Pablo
9 (RLIN) 3119
245 ## - MENCIÓN DEL TÍTULO
Título Cardoso: Rodolfo Kronfle Chambers
Mención de responsabilidad, etc. Cardoso, Pablo
260 ## - PUBLICACIÓN, DISTRIBUCIÓN, ETC.
Lugar de publicación, distribución, etc. Ecuador
Fecha de publicación, distribución, etc. 2004
300 ## - DESCRIPCIÓN FÍSICA
Extensión 71 p.
Otras características físicas ill. (col)
Dimensiones 15 cm
600 ## - PUNTO DE ACCESO ADICIONAL DE MATERIA--NOMBRE DE PERSONA
Nombre de persona Cardoso, Pablo
Subdivisión general Catálogo
9 (RLIN) 3120
600 ## - PUNTO DE ACCESO ADICIONAL DE MATERIA--NOMBRE DE PERSONA
Nombre de persona Cardoso, Pablo
Subdivisión general Exhibiciones
9 (RLIN) 3121
650 ## - PUNTO DE ACCESO ADICIONAL DE MATERIA--TÉRMINO DE MATERIA
Subdivisión general XXVI Bienal de Sao Paulo
9 (RLIN) 3122
Holdings
Estatus retirado Estado de pérdida Fuente del sistema de clasificación o colocación Estado de daño No para préstamo Biblioteca de origen Biblioteca actual Ubicación en estantería Fecha de adquisición Total de préstamos Signatura topográfica completa Código de barras Visto por última vez Precio de reemplazo Tipo de ítem Koha
    Clasificación Decimal Dewey     Biblioteca LadoV Biblioteca LadoV   12/06/2015   708 C 125p 000682 12/06/2015 12/06/2015 Material 01